Rolling Stone's 100 Best Songs Of The 2010s - Statistics

General Stats
  • This quiz has been taken 210 times
  • The average score is 37 of 100
Answer Stats
Hint Answer % Correct
3 Rolling In The Deep Adele
95%
64 Someone Like You Adele
95%
7 Thank U, Next Ariana Grande
87%
5 All Too Well Taylor Swift
86%
58 New Romantics Taylor Swift
86%
73 Blank Space Taylor Swift
86%
51 Habits (Stay High) Tove Lo
86%
92 Powerglide Rae Sremmurd ft Juicy J
85%
10 Hotline Bling Drake
84%
32 Hold On, We're Going Home Drake
84%
54 Nice For What Drake
84%
36 Sicko Mode Travis Scott ft Drake
84%
11 Royals Lorde
82%
82 Green Light Lorde
82%
60 Diamonds Rihanna
80%
6 Runaway Kanye West
77%
65 Bound 2 Kanye West
77%
70 Ultralight Beam Kanye West
77%
75 Blood On The Leaves Kanye West
77%
59 The Edge Of Glory Lady Gaga
77%
34 Bad Guy Billie Eilish
76%
27 Chandelier Sia
74%
43 Call Me Maybe Carly Rae Jepsen
72%
4 Formation Beyonce
69%
29 Sorry Justin Bieber
69%
12 Old Town Road Lil Nas X ft Billy Ray Cyrus
69%
40 Teenage Dream Katy Perry
68%
62 We Can't Stop Miley Cyrus
65%
23 Despacito Luis Fonsi ft Daddy Yankee & Justin Bieber
62%
22 Drunk In Love Beyonce ft Jay-Z
60%
46 N****s in Paris Jay-Z & Kanye West
59%
32 Bodak Yellow Cardi B
57%
31 Sign Of The Times Harry Styles
55%
17 Get Lucky Daft Punk ft Pharrell Williams
53%
57 Story Of My Life One Direction
53%
2 Alright Kendrick Lamar
52%
14 Shallow Lady Gaga & Bradley Cooper
49%
97 Mirrors Justin Timberlake
47%
24 Truth Hurts Lizzo
44%
30 We Found Love Rihanna ft Calvin Harris
44%
26 Mask Off Future
38%
1 Dancing On My Own Robyn
38%
100 Every Teardrop Is A Waterfall Coldplay
35%
50 Turn Down For What DJ Snake ft Lil Jon
34%
18 Bad And Boujee Migos
33%
88 Latch Disclosure ft Sam Smith
30%
74 XO Tour Llif3 Lil Uzi Vert
30%
9 I Like It Cardi B ft Bad Bunny & J Balvin
28%
44 Beez In The Trap Nicki Minaj
28%
71 Boys Charli XCX
26%
15 Mi Gente J Balvin & Willy Williams
24%
98 Love It If We Made It The 1975
24%
42 High For This The Weeknd
24%
61 Never Be The Same Camila Cabello
23%
45 Mariners Apartment Complex Lana Del Ray
23%
77 Let It Happen Tame Impala
20%
41 Novacaine Frank Ocean
19%
79 Nights Frank Ocean
19%
81 Jealous Nick Jonas
19%
39 Bad Liar Selena Gomez
17%
47 212 Azealia Banks
16%
66 Uptown Funk Mark Ronson ft Bruno Mars
16%
89 Bad Girls M.I.A.
14%
95 How I Roll Britney Spears
13%
13 Your Best American Girl Mitski
12%
49 Every Breaking Wave U2
11%
90 Here Alessia Cara
10%
28 Archie, Marry Me Alvvays
10%
20 Oblivion Grimes
10%
55 The Wire Haim
10%
8 Follow Your Arrow Kacey Musgraves
10%
63 Cruise (Remix) Florida Georgia Line ft Nelly
9%
69 Drunk Drivers/Killer Whales Car Seat Headrest
8%
56 I Can't Give Everything Away David Bowie
8%
94 Seasons (Waiting on You) Future Islands
8%
21 Springsteen Eric Church
7%
52 Everlasting Light The Black Keys
7%
53 Avant Gardener Courtney Barnett
6%
96 Emmylou First Aid Kit
6%
85 2 Weeks FKA Twigs
6%
67 I Love It Icona Pop ft Charli XCX
6%
37 My Church Maren Morris
6%
25 Adorn Miguel
6%
80 Shut Up Kiss Me Angel Olsen
5%
93 Palace Asap Rocky
5%
86 Work From Home Fifth Harmony ft Ty Dolla Sign
5%
48 Girl Crush Little Big Town
5%
35 Night Shift Lucy Dacus
5%
19 Hold On Alabama Shakes
3%
99 Exchange Bryson Tiller
3%
38 God In Chicago Craig Finn
3%
16 Stoned And Starving Parquet Courts
3%
78 Pristine Snail Mail
3%
68 Good Intentions Paving Company Joanna Newsom
2%
83 Everything Is Embarrassing Sky Ferreria
2%
87 Rill Rill Sleigh Bells
2%
76 Me & Magdalena The Monkees
2%
84 Soy Yo Bomba Estereo
1%
91 Say My Name Tove Styrke
1%
72 Te Boté Casper Magico, Nio García, Darell, Nicky Jam, Bad Bunny & Ozuna
0%
No matching quizzes found
Score Distribution
Percent of People with Each Score
Percentile by Number Answered
Your Score History
You have not taken this quiz